000 00568nam a22001937a 4500
005 20251108172723.0
008 250721s2002 xx 000 0 ara d
082 1 4 _a215.1/عوا
100 1 _aالعوايشة، حسين بن عودة
_eمؤلف
245 1 0 _aوصية مودع /
264 1 _aبيروت :
_bدار إبن حزم،
_c2002.
300 _a57ص
490 0 _a(فقه الدعوة وتزكية النفس ؛ 7)
650 1 7 _aالوعظ والإرشاد
650 1 7 _aالموت
650 1 7 _aالوصايا
942 _2ddc
_cBK
999 _c86816
_d86816